Estados financieros, 1° de agosto de 1974 al 31 de julio de 1975
Guardat en:
| Autor corporatiu: | |
|---|---|
| Format: | Text |
| Publicat: |
San José :
|
| Etiquetes: |
Afegir etiqueta
Sense etiquetes, Sigues el primer a etiquetar aquest registre!
|
MARC
| LEADER | 00000 a a2200000 04500 | ||
|---|---|---|---|
| 001 | 15965 | ||
| 003 | |||
| 040 | |||
| 090 | |a 019700 | ||
| 110 | |a Consejo Nacional de Producción | ||
| 245 | |a Estados financieros, 1° de agosto de 1974 al 31 de julio de 1975 | ||
| 260 | |a San José : | ||
| 300 | |a 33 p | ||
| 999 | |c 3139 |d 3139 | ||
